1256 1352 1355 1242 1369 1801 1001 1989 1225 1800 1770 1602 1820 1785 1473 1577 1555 1611 1189 1966 1085 1684 1930 1885 1652 1227 1169 1975 1342 1812 1138 1543 1316 1603 1006 1064 1334 1178 1421 1418 1747 1495 1474 1906 1228 1631 1104 1059 1327 1927 1230 1425 1739 1827 1667 1233 1891 1330 1197 1180 1952 1792 1985 1477 1513 1646 1394 1307 1676 1292 1379 1756 1253 1634 1320 1876 1626 1328 1519 1923 1208 1776 1641 1735 1216 1658 1552 1866 1498 1255 1314 1090 1799 1550 1224 1350 1041 1035 1209 BCNSPRNW ULIB Ver.6.0+V

เปลี่ยนเป็นภาษาไทย

Change to English
 แสดงรายละเอียดบรรณานุกรม
  กลับหน้าหลัก

Brief Record : Get Marc (ISO 2709) : E-mail record : QR code < ปิดหน้าต่าง
LEADER : 00000nam 2200000uu 4500
001    13399121184
003     ULIB
008    121108s2550||||th 000 0 tha d
020    ^a9789749410165
050 04 ^aLB2822^bพ771ก
100    ^aพิสณุ ฟองศรี
245  0 ^aการประเมินทางการศึกษา :^bแนวคิดสู่การปฏิบัติ /^cพิสณุ ฟองศรี
250    ^aพิมพ์ครั้งที่ 4
260    ^aกรุงเทพฯ :^bพรอพเพอร์ตี้พริ้นท์,^c2550
300    ^a(9), 359 หน้า :^bภาพประกอบ ;^c26 ซม.
650  4 ^aการประเมินทางการศึกษา
945    ^p250^l0^i15178
995    ^aวิภา
999 ^a ทศพร
รายการนี้ยังไม่มีแท็ก
คุณยังไม่ได้ล็อกอิน คุณสามารถมีกิจกรรมร่วมกับเว็บไซต์ได้ แต่ต้องล็อกอินก่อน ::
  ล็อกอิน

รายการสื่อสารสนเทศ

ลำดับที่ ประเภท เลขเรียก/บาร์โค้ด สถานที่ สถานะ
1. วิทยาศาสตร์การแพทย์ และสุขภาพ
วิทยาศาสตร์การแพทย์ และสุขภาพ
LB2822 พ771ก  
  Barcode: 15178
ห้องสมุดวิทยาเขตสวรรค์ประชารักษ์
►หนังสือทั่วไป
บนชั้น

รายการใกล้เคียง
    ผู้แต่ง [พิสณุ ฟองศรี]

    หัวเรื่อง [การประเมินทางการศึกษา]

BibComment


ยังไม่เคยถูกคอมเมนท์

คอมเมนท์ทรัพยากรรายการนี้
  คอมเมนท์: การประเมินทางการ..


 Copyright 2026. Bcnsprnw @Library